| Tag |
First Indicator |
Second Indicator |
Subfields |
| LEADER |
00000cam a2200000 4500 |
| 001 |
in00003829310 |
| 005 |
20190415190509.0 |
| 006 |
m o d |
| 007 |
cr |n||||||||n |
| 008 |
911107s1798 fr |||| o 00| ||eng c |
| 035 |
|
|
|a (CU-RivES)T208299
|
| 035 |
|
|
|a (Uk-ES)006302793
|
| 035 |
|
|
|a (OCoLC)510486994
|
| 040 |
|
|
|a Uk-ES
|c Uk-ES
|d CU-RivES
|d CStRLIN
|d CU-RivES
|d Cengage Gale
|d UtOrBLW
|
| 050 |
|
4 |
|a Z1215
|b .P356 1798
|
| 100 |
1 |
|
|a Paine, Thomas,
|d 1737-1809.
|
| 240 |
1 |
0 |
|a Letter to the Honourable Thomas Erskine
|
| 245 |
1 |
2 |
|a A letter to the Hon. Thomas Erskine, on the prosecution of Thomas Williams, for publishing the age of reason :
|b By Thomas Paine, author of common sense, rights of man, &c. &c. with his discourse at the Society of the Theophilanthropists.
|
| 264 |
|
1 |
|a Paris :
|b Printed for the author,
|c [1798?]
|
| 300 |
|
|
|a 1 online resource (32 pages)
|
| 336 |
|
|
|a text
|b txt
|2 rdacontent
|
| 337 |
|
|
|a computer
|b c
|2 rdamedia
|
| 338 |
|
|
|a online resource
|b cr
|2 rdacarrier
|
| 500 |
|
|
|a P. [4] is incorrectly numbered vi.
|
| 510 |
4 |
|
|a English Short Title Catalog,
|c T208299.
|
| 500 |
|
|
|a Reproduction of original from Bodleian Library (Oxford).
|
| 500 |
|
|
|a Electronic resource.
|
| 600 |
1 |
0 |
|a Williams, Thomas,
|d 1755-1839.
|0 http://id.loc.gov/authorities/names/n85199408
|
| 655 |
|
7 |
|a Electronic books.
|2 local
|
| 710 |
2 |
|
|a Gale (Firm)
|0 http://id.loc.gov/authorities/names/no2008071348
|
| 752 |
|
|
|a France
|d Paris.
|
| 856 |
4 |
0 |
|u http://proxy.library.tamu.edu/login?url=http://find.galegroup.com/ecco/infomark.do?contentSet=ECCOArticles&docType=ECCOArticles&bookId=1376703600&type=getFullCitation&tabID=T001&prodId=ECCO&docLevel=TEXT_GRAPHICS&version=1.0&source=library&userGroupName=txshracd2898
|z Connect to the full text of this electronic book
|t 0
|
| 999 |
f |
f |
|s f8dc882b-2123-3021-89d8-23ebb8130388
|i 61a7fd90-7d67-39db-8058-58ce9db7458b
|t 0
|
| 952 |
f |
f |
|a Texas A&M University
|b College Station
|c Electronic Resources
|d Available Online
|t 0
|e Z1215 .P356 1798
|h Library of Congress classification
|
| 998 |
f |
f |
|a Z1215 .P356 1798
|t 0
|l Available Online
|